<?xml version="1.0" encoding="UTF-8"?>
<collection xmlns:xsi="http://www.w3.org/2001/XMLSchema-instance" xsi:schemaLocation="http://www.loc.gov/MARC21/slim http://www.loc.gov/standards/marcxml/schema/MARC21slim.xsd" xmlns="http://www.loc.gov/MARC21/slim">
 <record>
  <leader>00000cab a22000004cb4500</leader>
  <controlfield tag="001">IPP-00000109541</controlfield>
  <controlfield tag="003">IPP</controlfield>
  <controlfield tag="005">20170822162642.0</controlfield>
  <controlfield tag="008">170822s2015    xx     d | ||r |||||eng||</controlfield>
  <datafield tag="041" ind1="#" ind2="#">
   <subfield code="a">eng</subfield>
  </datafield>
  <datafield tag="100" ind1="1" ind2="#">
   <subfield code="a">Clemente, Tina S.</subfield>
  </datafield>
  <datafield tag="245" ind1="1" ind2="0">
   <subfield code="a">Connections, contracts and sanctions</subfield>
   <subfield code="b">informal commercial contracting among Chinese in Metro Manila</subfield>
   <subfield code="c">Connections, contracts and sanctions</subfield>
  </datafield>
  <datafield tag="264" ind1="#" ind2="1">
   <subfield code="c">2015</subfield>
  </datafield>
  <datafield tag="300" ind1="#" ind2="#">
   <subfield code="b">article</subfield>
  </datafield>
  <datafield tag="520" ind1="#" ind2="#">
   <subfield code="a">Do Chinese merchants in contemporary Philippines still practice personalistic engagement in business?  As a primarily descriptive study, we focus on the Chinese in Metro Manila and look at features of informal contracting as premised in personalistic ties among Chinese&#13;involved in business. Operationalizing a qualitative investigation, we utilize survey research as well as in-depth key-informant interviews and attempt to explore informal contracting through the nuances that include the types of business connections, reasons for engaging in&#13;informal contracts, use and dominance of contract types, factors that deter contract violations and sanctions against connections who violate informal agreements.</subfield>
  </datafield>
  <datafield tag="650" ind1="1" ind2="0">
   <subfield code="a">Filipino-Chinese culture</subfield>
  </datafield>
  <datafield tag="650" ind1="2" ind2="0">
   <subfield code="a">Chinese</subfield>
   <subfield code="x">Philippines</subfield>
  </datafield>
  <datafield tag="700" ind1="1" ind2="#">
   <subfield code="a">Lagman, Marco Stefan B.</subfield>
  </datafield>
  <datafield tag="773" ind1="0" ind2="#">
   <subfield code="t">Asian Studies</subfield>
   <subfield code="g">Vol. v. 51, no. no. 1 (2015), 1-36</subfield>
  </datafield>
  <datafield tag="852" ind1="#" ind2="#">
   <subfield code="a">UPD</subfield>
   <subfield code="b">DAC</subfield>
  </datafield>
  <datafield tag="942" ind1="#" ind2="#">
   <subfield code="a">Article</subfield>
  </datafield>
  <datafield tag="950" ind1="#" ind2="#">
   <subfield code="a">FI</subfield>
  </datafield>
 </record>
</collection>
